Tilastot visalle Suomalaiset yleisurheilun MM-mitalistit

Klikkaa tästä pelataksesi tätä visaa!

Yleistilastot

  • Tätä visaa on pelattu 108 kertaa
    (96 viimeisimmän päivityksen jälkeen)
  • Keskiarvotulos 14 / 21

Vastaustilastot

vihjeurheilija% Oikein
Hopeaa: 2013 | Kultaa: 2007 | Pronssia: 2015Tero Pitkämäki
100%
Hopeaa: 1991 | Kultaa: 1987Seppo Räty
90%
Hopeaa: 1993 | Kultaa: 1991Kimmo Kinnunen
76%
Pronssia: 2005Tommi Evilä
73%
Kultaa: 1983Tiina Lillak
72%
Pronssia: 2001Arsi Harju
72%
Hopeaa: 2001 | Kultaa: 1999Aki Parviainen
68%
Hopeaa: 1983Arto Bryggare
62%
Hopeaa: 1993 | Kultaa: 1995Valentin Kononen
56%
Kultaa: 1993 | Pronssia: 1991Sari Essayah
53%
Hopeaa: 1995Mika Halvari
49%
Pronssia: 1995Mikaela Ingberg
47%
Hopeaa: 1997Eduard Hämäläinen
27%
Pronssia: 1983Martti Vainio
21%

Tulosjakauma

Persentiili vastausten määrän mukaan

Jokaisen tuloksen saaneiden osuus

Tuloshistoriasi

Et ole pelannut tätä visaa sen viimeisimmän päivityksen jälkeen